The ethics of war : (Record no. 39086)
[ view plain ]
| 000 -LEADER | |
|---|---|
| fixed length control field | 01324nam a22003731a 4500 |
| 001 - CONTROL NUMBER | |
| control field | 14209628 |
| 005 - DATE AND TIME OF LATEST TRANSACTION | |
| control field | 20110718132909.0 |
| 008 - FIXED-LENGTH DATA ELEMENTS--GENERAL INFORMATION | |
| fixed length control field | 051223s2006 mau b 001 0 eng |
| 010 ## - LIBRARY OF CONGRESS CONTROL NUMBER | |
| LC control number | 2005037647 |
| 020 ## - INTERNATIONAL STANDARD BOOK NUMBER | |
| International Standard Book Number | 140512377X |
| 020 ## - INTERNATIONAL STANDARD BOOK NUMBER | |
| International Standard Book Number | 140512377X |
| 020 ## - INTERNATIONAL STANDARD BOOK NUMBER | |
| International Standard Book Number | 140512377X |
| 020 ## - INTERNATIONAL STANDARD BOOK NUMBER | |
| International Standard Book Number | 140512377X |
| 040 ## - CATALOGING SOURCE | |
| Original cataloging agency | DLC |
| Transcribing agency | DLC |
| Modifying agency | DLC |
| 042 ## - AUTHENTICATION CODE | |
| Authentication code | pcc |
| 050 00 - LIBRARY OF CONGRESS CALL NUMBER | |
| Classification number | U 22.E86 2006 |
| Item number | U 22.E86 2006 |
| 082 00 - DEWEY DECIMAL CLASSIFICATION NUMBER | |
| Classification number | 172/.42 |
| Edition number | 22 |
| 245 04 - TITLE STATEMENT | |
| Title | The ethics of war : |
| Remainder of title | classic and comtemporary readings |
| Statement of responsibility, etc | edited by Gregory M. Reichberg, Henrik Syse, and Endre Begby. |
| Medium | [Text] |
| 260 ## - PUBLICATION, DISTRIBUTION, ETC. (IMPRINT) | |
| Place of publication, distribution, etc | Malden, MA |
| Name of publisher, distributor, etc | Blackwell Pub. |
| Date of publication, distribution, etc | c2006 |
| 263 ## - PROJECTED PUBLICATION DATE | |
| Projected publication date | 0604 |
| 300 ## - PHYSICAL DESCRIPTION | |
| Extent | p. cm. |
| 504 ## - BIBLIOGRAPHY, ETC. NOTE | |
| Bibliography, etc | Includes bibliographical references and index. |
| 650 #0 - SUBJECT ADDED ENTRY--TOPICAL TERM | |
| Topical term or geographic name as entry element | Military ethics. |
| 650 #0 - SUBJECT ADDED ENTRY--TOPICAL TERM | |
| Topical term or geographic name as entry element | War |
| General subdivision | Moral and ethical aspects. |
| 700 1# - ADDED ENTRY--PERSONAL NAME | |
| Personal name | Syse, Henrik, |
| Dates associated with a name | 1966- |
| 700 1# - ADDED ENTRY--PERSONAL NAME | |
| Personal name | Begby, Endre. |
| 700 1# - ADDED ENTRY--PERSONAL NAME | |
| Personal name | Reichberg, Gregory M. |
| 856 41 - ELECTRONIC LOCATION AND ACCESS | |
| Materials specified | Table of contents only |
| 906 ## - LOCAL DATA ELEMENT F, LDF (RLIN) | |
| a | 7 |
| b | rix |
| c | orignew |
| d | 1 |
| e | ecip |
| f | 20 |
| g | y-gencatlg |
| 925 0# - | |
| -- | acquire |
| -- | 2 shelf copies |
| -- | policy default |
| 955 ## - COPY-LEVEL INFORMATION (RLIN) | |
| -- | jg16 2005-12-23 |
| 963 ## - | |
| -- | Simon Eckley; phone: 44-1865 476667; fax: 44-1865 471667; email: simon.eckley@oxon.blackwellpublishing.com; bc: merredith.lloyd@bos.blackwellpublishing.com |
| Withdrawn status | Lost status | Source of classification or shelving scheme | Damaged status | Not for loan | Collection code | Home library | Current library | Shelving location | Date acquired | Cost, normal purchase price | Total Checkouts | Full call number | Barcode | Date last seen | Date checked out | Copy number | Price effective from | Koha item type |
|---|---|---|---|---|---|---|---|---|---|---|---|---|---|---|---|---|---|---|
| Library of Congress Classification | General Circulation | AIU/NEGST - Tony Wilmot Memorial Library | AIU/NEGST - Tony Wilmot Memorial Library | General Stacks | 01/25/2010 | 54.95 | 1 | U 22.E86 2006 | R48803K3232 | 09/26/2019 | 06/20/2011 | 1 | 01/25/2010 | Books |
